00724nam a2200241 a 4500001001300000003000900013005001700022008004100039020002300080082002000103100002200123245005500145260002400200300000900224500003500233505001300268650002800281700002200309902000800331942000700339952012100346999001500467nice12345678IN_TiNIC20260116012820.0050524s1987 gena grp 000 0 eng  a2825459 c10000a305.696097bBIR aBirkland, Carol J aUnified in Hopeb Arabs and Jews Talk About Peace. aGeneva bWCC c1987 a160p aincludes index and biblioraphy2 aAppendix aIslam-Relations Judaism1 aBirkland, Carol J bSRS cBK 001040708StackRoom-aHMIbHMId2007-03-29g100.00l0o305.696097 BIRp012765r2007-03-29v100.00w2005-05-24yBK c8492d8492